01108 2200325 4500001002100000005001500021035002000036007000300056008004100059020001800100040002200118082001400140084001600154100002600170245017700196250002400373300002500397500004600422650003300468700003200501700003200533850001200565041001300577264003100590336002100621337003000642338002300672546006700695990002000762INLIS00000000086402620210824102540 a0010-0821000725ta210824s2001 jki f ind d a979-8475-71-2 aYOPDYOGbinderda04223a248.4 a248.4 BEV l1 aBevere, Lisaepenulis10aLepaskan kendali dan berbahagialah! :bmenyerahkan seluruh kendali hidup anda kepada Allah /cpenulis, Lisa Bevere; penerjemah, Heru Sasmitoadi; penyunting, Ostaria Silaban aCetakan kedua: 2001 a172 halaman ;c23 cm aJudul asli: Out of control and loving it! 4aKehidupan beragama (Kristen)0 aHeru Sasmitoadiepenerjemah0 aOstaria Silabanepenyunting aYOPDYOG1 aindheng31aJakarta :bImmanuel,c2001 2rdacontentateks 2rdamediaatanpa perantara 2rdacarrieravolume aTeks dalam bahasa Indonesia, diterjemahkan dari bahasa Inggris a67743-PD/A.2021